Guía para el diseño de instalaciones eléctricas residenciales, industriales y comerciales : basadas en las normas técnicas NOM-001-Se-1994 incluye NEC-1996

Bibliographic Details
Main Author: Enríquez Harper, Gilberto
Format: Section = Libro
Language:Undetermined
Spanish
Published: México Limusa 1996
Subjects:
LEADER 00772nam a2200217Ia 4500
008 240829s9999 xx 000 0 und d
020 |a 968-18-5343-1 
040 |a BIBLIOTECA-RUSB/ 621.31924 E59d 
041 |a spa 
082 |a 621.31924 E59d 
100 1 |a Enríquez Harper, Gilberto 
245 1 0 |a Guía para el diseño de instalaciones eléctricas residenciales, industriales y comerciales : basadas en las normas técnicas NOM-001-Se-1994 incluye NEC-1996 
260 |a México  |b Limusa  |c 1996 
300 |a 306 p. :il. 
650 7 |a INSTALACIONES ELECTRICAS 
650 7 |b  INSTALACIONES ELECTRICAS RESIDENCIALES 
650 7 |c  INSTALACIONES ELECTRICAS INDUSTRIALES 
650 7 |d  INSTALACIONES ELECTRICAS COMERCIALES 
942 |c BK  |2 ddc 
991 |a TEXTO 
999 |c 3180